Marcatori del Brasile ai Mondiali - Russia 2018 - Statistics

Statistiche generali
  • Questo quiz è stato fatto 4 volte
  • Il punteggio medio è 6 su 8
Statistiche sulle risposte
Partita Minuto Marcatore % Corretto
Brasile - Costa Rica 2-0 97' Neymar
100%
Brasile - Messico 2-0 51' Neymar
100%
Serbia - Brasile 0-2 68' Thiago Silva
100%
Brasile - Svizzera 1-1 20' Coutinho
75%
Brasile - Costa Rica 2-0 91' Coutinho
75%
Serbia - Brasile 0-2 36' Paulinho
50%
Brasile - Belgio 1-2 76' Renato Augusto
25%
Brasile - Messico 2-0 88' Roberto Firmino
25%
Nessun quiz corrispondente trovato
Distribuzione punteggi
Percentuale di utenti per punteggio
Percentile per numero di risposta
I tuoi punteggi nel tempo
Non hai fatto questo quiz